Από την προανάγνωση στην ανάγνωση : οδηγός για γονείς και εκπαιδευτικούς
Αποθηκεύτηκε σε:
| Κύριος συγγραφέας: | |
|---|---|
| Μορφή: | Βιβλίο |
| Γλώσσα: | Greek |
| Δημοσίευση: |
Αθήνα :
Καστανιώτης,
2000
|
| Έκδοση: | 2η έκδ. |
| Θέματα: | |
| Ετικέτες: |
Προσθήκη ετικέτας
Δεν υπάρχουν, Καταχωρήστε ετικέτα πρώτοι!
|
MARC
| LEADER | 00000cam a2200000 i 4500 | ||
|---|---|---|---|
| 001 | 1/36352 | ||
| 008 | 030605s2000 gre d | ||
| 020 | |a 960-03-2074-8 | ||
| 035 | |l 10070046 | ||
| 040 | |a GR-MY-UA |b gre |e aacr | ||
| 041 | 0 | |a gre | |
| 082 | 0 | |a 372.4142 | |
| 100 | 1 | |a Γιαννικοπούλου, Αγγελική Α. | |
| 245 | 1 | 0 | |a Από την προανάγνωση στην ανάγνωση : |b οδηγός για γονείς και εκπαιδευτικούς / |c Α. Α. Γιαννικοπούλου |
| 250 | |a 2η έκδ. | ||
| 260 | |a Αθήνα : |b Καστανιώτης, |c 2000 | ||
| 300 | |a 277 σ. | ||
| 650 | 0 | 0 | |a Reading (Preschool) |
| 650 | 0 | 0 | |a Reading |x Physiological aspects. |
| 650 | 0 | 0 | |a Preschool teaching. |
| 650 | 0 | 0 | |a Education |x Parent participation. |
| 852 | |a INST |b RHODES |e 20030605 |h 372.4142 ΓΙΑ |p 005400020280 |q 005400020280 |t BK |y 0 | ||
| 901 | |a BIBL4-2003-2 | ||
| 909 | |a Ρ |b 104812 |c 2003 | ||
| 970 | |a ΚΟΥΛΑΚΙΟΤΗ |b ΛΙΤΣΑ |z 2003/06/05 | ||